Which New York Borough? - Statistics

General Stats
  • This quiz has been taken 46 times
  • The average score is 15 of 20
Answer Stats
Question Answer % Correct
Which borough besides Queens, is located on Long Island? Brooklyn
100%
Which borough contains the Empire State Building? Manhattan
100%
Which borough is the home of Wall Street? Manhattan
100%
Which borough was where the TV Show, Friends took place? Manhattan
100%
Which borough is considered the birthplace of Hip-Hop? The Bronx
100%
Which borough is the poorest by median household income? The Bronx
100%
Which borough is the most populated? Brooklyn
75%
Which borough has roughly 1/4th of its residents identified as Jewish? Brooklyn
75%
Which borough contains the neighborhood of Harlem? Manhattan
75%
Which borough is the largest by land size? Queens
75%
Which borough is home to JFK and LaGuardia Airport? Queens
75%
Which borough was the location of the 1939 and 1964 World's Fairs, both at Flushing Meadows-Corona Park? Queens
75%
Which borough has the famous "Greenbelt" Staten Island
75%
Which borough had voted to secede from New York City in 1993, but was blocked? Staten Island
75%
Which borough was at one point its own city? Brooklyn
50%
Which borough contains Coney Island? Brooklyn
50%
Which borough do the New York Rangers and Knicks play? Manhattan
50%
Which borough is the most ethnically diverse? Queens
50%
Which borough contains the childhood home of Spider-Man? Queens
50%
Which borough connects to Brooklyn from the Verrazzano-Narrows Bridge? Staten Island
50%
No matching quizzes found
Score Distribution
Percent of People with Each Score
Percentile by Number Answered
Your Score History
You have not taken this quiz